00870nam a22002417a 450000500170000001000130001702000220003003500130005203700160006504000120008108200220009310000260011524500630014126000580020427000420026230000250030450000330032965000340036265000530039694200310044999900190048095201290049920170124110234.0 aB-190396 c00.00a0070601224 aB-190396 bCen Lib/Ret aDPLbEN a620.00151535bHUT aHutton, David 973432 aFundamentals of finite element analysis /cby David Hutton aNew DelhibTata McGarw hill pubilshing company c2006 bNew Delhia7 West patel nagare110008 axiv,494p.c23cm(pbk) aIncludes appendix and index  aFinite element method 934371 aFinite element method--Study and teaching973433 2ddccENh620.00151535mHUT c134806d134806 00104070aLbLd2015-07-31eCen Lib/Retg0.00l0o620.00151535 HUTpB-190396r2015-07-31 00:00:00t1v0.00w2015-07-31yEN